Score 0/20 Timer 03:00
21 Plays Today
% Correct
aged
99.5%
ancient
99.4%
antique
99.3%
elderly
99.2%
dated
98.5%
fossil
98.5%
senior
98.5%
outmoded
97.6%
senile
96.8%
archaic
96.8%
% Correct
creaky
96.5%
decrepit
96.4%
timeworn
96.3%
relic
96.3%
bygone
95%
stiff
94.6%
passé
91.3%
superannuated
88.5%
hoary
81.8%
senescent
81.6%
Remove Ads.
Support Sporcle.
Get the best of Sporcle when you Go Orange. This ad-free experience offers more features, more stats, and more fun while also helping to support Sporcle. Thank you for becoming a member.

You're not logged in!

Compare scores with friends on all Sporcle quizzes.
OR
Log In

Show Comments

Extras

Top Quizzes Today


Score Distribution

Your Account Isn't Verified!

In order to create a playlist on Sporcle, you need to verify the email address you used during registration. Go to your Sporcle Settings to finish the process.

Report this User

Report this user for behavior that violates our Community Guidelines.

Details: